Pan S. : erotická zpověď /

Hlavní autor: Becker, Emma, 1988-
Jazyk: Čeština
Vydáno: Praha : Mladá fronta, 2012
Vydání: 1. vyd.
Témata:
Fyzický popis: 317 s. ; 21 cm
Knihy
Uloženo v:
LEADER 01310cam a2200373 a 4500
001 nkc20122379026
003 CZ PrNK
005 20130131083333.0
007 ta
008 120510s2012 xr g 000 f cze
015 |a cnb002379026 
020 |a 978-80-204-2621-5  |q (váz.) 
035 |a (OCoLC)815376404 
040 |a PNA001  |b cze  |d ABA001 
041 1 |a cze  |h fre 
072 7 |a 821.133.1-3  |x Francouzská próza, francouzsky psaná  |2 Konspekt  |9 25 
080 |a 821.133.1-31  |2 MRF 
080 |a (0:82-993)  |2 MRF 
100 1 |a Becker, Emma,  |d 1988-  |7 xx0151463  |4 aut 
245 1 0 |a Pan S. :  |b erotická zpověď /  |c Emma Beckerová ; [z francouzského originálu přeložila Jana Chartier] 
250 |a 1. vyd. 
260 |a Praha :  |b Mladá fronta,  |c 2012 
300 |a 317 s. ;  |c 21 cm 
655 7 |a francouzské romány  |7 fd132289  |2 czenas 
655 7 |a erotické romány  |7 fd132211  |2 czenas 
655 9 |a French fiction  |2 eczenas 
655 9 |a erotic novels  |2 eczenas 
765 0 |t Mr.  |9 Česky 
910 2 |a BOA001  |b 2-1290.351 
990 |a BK 
995 |a 01 
991 |b 201209  |e b  |f B-BEC 
996 6 |b 2610519518  |c 2-1290.351  |l MZK  |r Sklad / do 1 hodiny  |n 0  |p p.v.  |w 001274186  |u 000010  |a 1  |e BOA001  |j MZK50  |s P 
996 7 |b 2610521235  |c 2-1290.351  |l MZK  |r Sklad / do 1 hodiny  |n 20  |p kup  |w 001274186  |u 000020  |a 1  |e BOA001  |j MZK50  |s A